000 00837nam a2200205Ia 4500
001 10319
003 GE_BSU
008 181216s||||||||xx |||||||||||||| ||und||
040 _cGE_BSU
080 _a821.353.1–91-1+398(479.22)
245 _aფშავ-ხევსურული პოეზია. შეკრებილი ალ. ოჩიაურის მიერ
245 _cმთქმელები და განმარტებანი გვ.: 293-319
260 _aთბილისი
260 _bსაბჭოთა საქართველო
260 _c1970
300 _a329გვ.21სმ.
300 _eზოგიერთ სიტყვათა განმარტება გვ.320-328
653 _aფშავ-ხევსურული პოეზია
942 _cBK
999 _c43585
_d43585